| 000 | 00744cam a22002533a 4500 | ||
|---|---|---|---|
| 001 | 30619 | ||
| 003 | PGUSA | ||
| 005 | 20140828083649.0 | ||
| 008 | 091207s2009||||xxu|||||s|||||000 | eng d | ||
| 040 |
_aPGUSA _beng |
||
| 042 | _adc | ||
| 050 | 4 | _aBR | |
| 100 | 1 |
_aLuther, Martin, _d1483-1546 |
|
| 245 | 1 | 0 |
_aEpistle Sermons, Vol. III : _bTrinity Sunday to Advent _h[electronic resource] / _cMartin Luther |
| 260 |
_bProject Gutenberg, _c2009 |
||
| 506 | _aPublic domain in the USA. | ||
| 516 | _aElectronic text | ||
| 653 | _aSermons | ||
| 653 | _aBible. Epistles -- Commentaries | ||
| 700 | 1 |
_aLenker, John Nicholas, _d1858-1929 |
|
| 830 | 0 |
_aProject Gutenberg _v30619 |
|
| 856 | 4 | 0 | _uhttp://www.gutenberg.org/ebooks/30619 |
| 942 | _cEB | ||
| 999 |
_c259874 _d259874 |
||